000 00607cab a2200217 4500
001 WB2915-57
008 090401t1993 xxu||||| |||| 00| 0 eng d
035 _a(Sirsi) u6187
041 _aeng
245 _aSuccessful estate agent
260 _c1993
350 _a0
490 _aTimes
_v10 April 1993, 20(1)
520 _aA profile of Harry Hill, joint managing director of Hambro Countrywide, estate agents.
650 _aESTATE AGENTS
650 _aHAMBRO COUNTRYWIDE
650 _aHILL H.
690 _aMANAGEMENT-BUSINESS MANAGEMENT-PROFESSIONAL PRACTICE
942 _n0
948 _c04/03/1997
999 _c3714
_d3714